Empires Invaded the Philippines - Statistics

General Stats
  • This quiz has been taken 2,374 times
  • The average score is 5 of 9
Answer Stats
Answer % Correct
Japanese Empire
98%
Spanish Empire
98%
US Empire
97%
British Empire
69%
Portuguese Empire
48%
Dutch Empire
40%
Bruneian Empire
12%
Majapahit Empire
10%
Sri Vijayan Empire
4%
No matching quizzes found
Score Distribution
Percent of People with Each Score
Percentile by Number Answered
Your Score History
You have not taken this quiz